Curvas características de diodos
Guardat en:
| Autor principal: | |
|---|---|
| Autor corporatiu: | |
| Format: | Llibre |
| Idioma: | espanyol |
| Publicat: |
Barcelona
Marcombo
1987
|
| Col·lecció: | EP, 15
|
| Matèries: | |
| Etiquetes: |
Afegir etiqueta
Sense etiquetes, Sigues el primer a etiquetar aquest registre!
|
MARC
| LEADER | 00000nam a2200000 a 4500 | ||
|---|---|---|---|
| 001 | UCV6209 | ||
| 003 | CL-VaPUC | ||
| 008 | 900410e19870000SP |||||||||||||||||spa|d | ||
| 082 | 0 | 4 | |a 621.3815 |b LOB |2 21 |
| 100 | |a Lob, Udo |e autor |9 300439 | ||
| 110 | 2 | |a Siemens Aktiengesellschaft |e author |9 300440 | |
| 245 | 1 | 0 | |a Curvas características de diodos |
| 300 | |a 55 p | ||
| 942 | |c BK | ||
| 945 | |d 19900410 00:00:00 | ||
| 260 | |a Barcelona |b Marcombo |c 1987 | ||
| 650 | 7 | |a DIODOS ENSEÑANZA PROGRAMADA |2 CL-VaPUC |9 300441 | |
| 583 | |a last modification |c 19900410 00:00:00 |k Rodrigo Vera | ||
| 490 | 0 | |a EP, 15 | |
| 999 | |c 212399 |d 212397 | ||
| 952 | |0 0 |1 0 |4 0 |6 621_381500000000000_LOB_1987 |7 0 |8 A |9 193331 |a BIBING |b BIBING |d 2019-11-14 |i 2610825 |o 621.3815 LOB 1987 |p 2610825 |r 2025-01-20 |w 2019-11-14 |y BK |k EIE | ||